1742 1306 1346 1924 1265 1996 1713 1877 1094 1236 1836 1617 1111 1178 1699 1482 1044 1003 1608 1724 1460 1030 1319 1236 1038 1047 1691 1624 1293 1101 1469 1432 1371 1905 1363 1852 1349 1996 1789 1081 1704 1701 1795 1197 1126 1078 1881 1110 1946 1231 1644 1131 1965 1661 1358 1581 1872 1457 1606 1753 1953 1329 1341 1086 1453 1595 1399 1089 1853 1117 1492 1273 1980 1028 1386 1319 1612 1172 1086 1239 1575 1637 1560 1338 1476 1624 1155 1330 1628 1721 1139 1352 1688 1704 1783 1313 1777 1332 1676 BCNSPRNW ULIB Ver.6.0+V

เปลี่ยนเป็นภาษาไทย

Change to English
 แสดงรายละเอียดบรรณานุกรม
  กลับหน้าหลัก

Brief Record : Get Marc (ISO 2709) : E-mail record : QR code < ปิดหน้าต่าง
LEADER : 00000nam 2200000uu 4500
001    13399120212
003     ULIB
008    120913s2553||||th 000 0 tha d
020    ^a9786117134029
090    ^aนว.^bอ912ป 2553
100 0  ^aอมิร
245 00 ^aปาฏิหาริย์รักจาฟองคลื่อน/^cอมิร
250    ^aพิมพ์ครั้งที่ 1
260    ^aกรุงเทพฯ :^bแนตตี้,^c2553
300    ^a344 หน้า
945    ^p269^l0^i15824
995    ^aวิภา
999 ^a ใช้งานได้ทุกระบบ
รายการนี้ยังไม่มีแท็ก
คุณยังไม่ได้ล็อกอิน คุณสามารถมีกิจกรรมร่วมกับเว็บไซต์ได้ แต่ต้องล็อกอินก่อน ::
  ล็อกอิน

รายการสื่อสารสนเทศ

ลำดับที่ ประเภท เลขเรียก/บาร์โค้ด สถานที่ สถานะ
1. วิทยาศาสตร์การแพทย์ และสุขภาพ
วิทยาศาสตร์การแพทย์ และสุขภาพ
นว. อ912ป 2553  
  Barcode: 15824
ห้องสมุดวิทยาเขตสวรรค์ประชารักษ์
►นวนิยาย
บนชั้น
  ขอยืม

BibComment


ยังไม่เคยถูกคอมเมนท์

คอมเมนท์ทรัพยากรรายการนี้
  คอมเมนท์: ปาฏิหาริย์รักจาฟ..


 Copyright 2026. Bcnsprnw @Library